Správa o poskytnutej štátnej pomoci v Slovenskej republike
Poskytnutá štátna pomoc v SR v roku 2005. Poskytnutá štátna pomoc podľa účelov pomoci, podľa kategórií pomoci. Regionálna pomoc. Horizontálna pomoc - výskum a vývoj, malí a strední podnikatelia, kultúra a záchrana kultúrneho dedičstva, obchod a export, zamestnanosť, vzdelávanie. Odvetvová pomoc. Spr...
Guardado en:
| Formato: | Capítulo de libro |
|---|---|
| Lenguaje: | eslovaco |
| Materias: | |
| Etiquetas: |
Sin Etiquetas, Sea el primero en etiquetar este registro!
|
MARC
| LEADER | 00000naa$a2200000$$$4500 | ||
|---|---|---|---|
| 001 | 0045527 | ||
| 005 | 20231106072239.3 | ||
| 041 | 0 | |a slo | |
| 044 | |a SK | ||
| 245 | 1 | 0 | |a Správa o poskytnutej štátnej pomoci v Slovenskej republike |
| 520 | |a Poskytnutá štátna pomoc v SR v roku 2005. Poskytnutá štátna pomoc podľa účelov pomoci, podľa kategórií pomoci. Regionálna pomoc. Horizontálna pomoc - výskum a vývoj, malí a strední podnikatelia, kultúra a záchrana kultúrneho dedičstva, obchod a export, zamestnanosť, vzdelávanie. Odvetvová pomoc. Správu schválila Vláda SR. | ||
| 610 | 2 | 0 | |a Slovensko |
| 610 | 2 | 0 | |a pomoc štátna |
| 610 | 2 | 0 | |a regióny |
| 610 | 2 | 0 | |a 2005 |